000 00543cam a2200145 4500500
005 20260329011534.0
041 _afre
042 _adc
100 1 0 _aRivet de Sabatier, Philippe
_eauthor
245 0 0 _aMichel Bitbol La conscience artificielle Une critique vécue. Éditions Mimesis, « Philosophie », 2025, 142 pages, 12 €.
260 _c2026.
500 _a30
786 0 _nÉtudes | 4335 | 3 | 2026-02-25 | p. 132-132 | 0014-1941
856 4 1 _uhttps://shs.cairn.info/revue-etudes-2026-3-page-132?lang=fr&redirect-ssocas=7080
999 _c1862664
_d1862664